Breaking Bad Episodes Quiz Stats

 Plays Quiz Updated Sep 30, 2013

     
Support Sporcle.
Go Orange.
Score 0/62 Timer 08:00
7 Plays Today
Season Episode % Correct
Season 1Pilot
88%
Season 5Felina
76.5%
Season 2ABQ
75.4%
Season 3Fly
73.1%
Season 3Full Measure
70.5%
Season 5Ozymandias
70.4%
Season 1Cat's in the Bag...
69.1%
Season 3Half Measures
69.1%
Season 1...And the Bag's in the River
68%
Season 4Face Off
68%
Season 2Seven Thirty-Seven
66.4%
Season 2Down
66.4%
Season 2Over
66.2%
Season 1Cancer Man
62.6%
Season 5Granite State
62.2%
Season 4Box Cutter
59.5%
Season 2Better Call Saul
59.1%
Season 1Gray Matter
57.4%
Season 3No Mas
56.1%
Season 3Mas
54.5%
Season 4Crawl Space
53.9%
Season 5Live Free or Die
53.2%
Season 4Hermanos
52%
Season 5Dead Freight
51.1%
Season 3One Minute
51%
Season 3I.F.T.
50.7%
Season 5Rabid Dog
50.4%
Season 5Say My Name
50.3%
Season 2Phoenix
50.2%
Season 5Gliding Over All
50.2%
Season 5Madrigal
49.5%
Season Episode % Correct
Season 1Crazy Handful of Nothin'
49.5%
Season 4Salud
48.5%
Season 24 Days Out
48.5%
Season 2Negro Y Azul
48.3%
Season 1A-No-Rough-Stuff-Type-Deal
48%
Season 4End Times
47.9%
Season 4Problem Dog
47.4%
Season 2Peekaboo
47.3%
Season 5To'hajiilee
46.8%
Season 2Grilled
45.7%
Season 5Blood Money
45.4%
Season 2Bit by a Dead Bee
44.5%
Season 5Fifty-One
44.5%
Season 3Green Light
43.6%
Season 5Confessions
43.4%
Season 2Mandala
43.3%
Season 3Caballo Sin Nombre
43.3%
Season 4Bug
43%
Season 4Thirty-Eight Snub
41.8%
Season 3Abiquiu
41.7%
Season 3Kafkaesque
41.7%
Season 3Sunset
41.2%
Season 4Shotgun
40.7%
Season 4Cornered
39.9%
Season 3I See You
39.7%
Season 5Hazard Pay
39.7%
Season 2Breakage
39.7%
Season 4Open House
38.6%
Season 5Buried
38.1%
Season 5Buyout
36.7%
Season 4Bullet Points
36.2%

From the Vault

Pick the Gemstone

by PrincessMartell

Science 60s
No mining pick required.
Remove Ads.
Support Sporcle.
Get the best of Sporcle when you Go Orange. This ad-free experience offers more features, more stats, and more fun while also helping to support Sporcle. Thank you for becoming a member.

Show Comments

Extras

Top Quizzes Today


Score Distribution

Your Account Isn't Verified!

In order to create a playlist on Sporcle, you need to verify the email address you used during registration. Go to your Sporcle Settings to finish the process.

Report this User

Report this user for behavior that violates our Community Guidelines.

Details: